书目信息 |
| 题名: |
医学微生物学与寄生虫学
|
|
| 作者: | KennethJ.Ryan等著 , 汪世平 译 | |
| 分册: | ||
| 出版信息: | 科学出版社 2006.03 |
|
| 页数: | 644页 | |
| 开本: | 28cm | |
| 丛书名: | ||
| 单 册: | ||
| 中图分类: | R37 | |
| 科图分类: | ||
| 主题词: | ||
| 电子资源: | ||
| ISBN: | 7-03-016578-0 | |
| 000 | 00935nam0 2200229 450 | |
| 001 | 012015000164 | |
| 005 | 20150914160738.10 | |
| 010 | @a7-03-016578-0@b简装@dCNY84.00 | |
| 100 | @a20070104d2006 em y0chiy0110 ea | |
| 101 | 0 | @achi@aeng |
| 102 | @aCN@b110000 | |
| 105 | @ay z 000yy | |
| 106 | @ar | |
| 200 | 1 | @a医学微生物学与寄生虫学@AYi Xue Wei Sheng Wu Xue Yu Ji Sheng Chong Xue@fKenneth J.Ryan等著,汪世平等译 |
| 210 | @c科学出版社@d2006.03 | |
| 215 | @a644页@d28cm | |
| 327 | 0 | @aPart I Fundamentals of Microbio-logy and Parasitology@aChapter 1 Introduction@aChapter 2 Host-Parasite Interactions@aChapter 3 Infection and Immunology@aChapter 4 Laboratory Diagnosis for@aChapter 5 Epidemiology and Control of Infectious Diseases@aPart Ⅱ |
| 690 | @aR37@v5 | |
| 701 | 0 | @aKennethJ.Ryan等著@AKennethj.ryan Deng Zhu@4译 |
| 701 | 0 | @a汪世平@AWang Shi Ping@4译 |
| 801 | 0 | @aCN@b碧洲教育@c20150716 |
| 905 | @a10447@f4@dR37@e244 | |
| 医学微生物学与寄生虫学/Kenneth J.Ryan等著,汪世平等译.-科学出版社,2006.03 |
| 644页;28cm |
| 部分内容:Part I Fundamentals of Microbio-logy and Parasitology;Chapter 1 Introduction;Chapter 2 Host-Parasite Interactions;Chapter 3 Infection and Immunology;Chapter 4 Laboratory Diagnosis for;Chapter 5 Epidemiology and Control of Infectious Diseases;Part Ⅱ |
| ISBN 7-03-016578-0(简装):CNY84.00 |
| ● |
| 相关链接 |
|
|
|
|
正题名:医学微生物学与寄生虫学
索取号:R37/244
 
预约/预借
| 序号 | 登录号 | 条形码 | 馆藏地/架位号 | 状态 | 备注 |
| 1 | 0870370 | 208703704 | 第二样本阅览室/ [索取号:R37/244] | 在馆 | |
| 2 | 0870371 | 208703713 | 第三借阅区/ [索取号:R37/244] | 在馆 | |
| 3 | 0870372 | 208703722 | 第三借阅区/ [索取号:R37/244] | 在馆 | |
| 4 | 0870373 | 208703731 | 密集书库-生命科学系/ [索取号:R37/244] | 在馆 |